| 000 | 00522nam a2200181Ia 4500 | ||
|---|---|---|---|
| 008 | 240925s9999 xx 000 0 und d | ||
| 020 | _a201422883 | ||
| 082 | _a005.12 DES | ||
| 100 | _aDesfray, Philippe | ||
| 245 | 0 | _aObject engineering: the fourth dimention | |
| 250 | _a4th | ||
| 260 |
_aWokingham: _bAddison-Wily Publishing Company _c,1994. |
||
| 300 |
_aix,342p. _bNA _fOriginal |
||
| 500 | _aIncludes Index | ||
| 600 | _aComputer Science | ||
| 650 | _aComputer science, information & general works | ||
| 942 | _cBK | ||
| 999 |
_c5500 _d5500 |
||